[Event "36th Olympiad"]
[Site "Calvia ESP"]
[Date "2004.10.28"]
[Round "13"]
[White "Tissir,M"]
[Black "Gillani,T"]
[Result "1-0"]
[WhiteElo "2394"]
[BlackElo "2277"]

1.e4 c5 2.Nc3 Nc6 3.Bb5 g6 4.Bxc6 dxc6 5.d3 Bg7 6.Be3 b6 7.Qd2 Nf6 8.h3 Ba6
9.Nge2 c4 10.d4 b5 11.a3 O-O 12.O-O Bb7 13.e5 Nd7 14.f4 f5 15.d5 Nb6 16.dxc6 Bxc6
17.Qxd8 Rfxd8 18.Nd4 Nd5 19.Nxc6 Nxe3 20.Nxd8 Nxf1 21.Ne6 Ne3 22.Rc1 Bh6
23.Kf2 Kf7 24.Kxe3 Kxe6 25.Nxb5 Rd8 26.g3 Kf7 27.Nxa7 Rd5 28.Nc6 Rc5 29.Nb4 Rxe5+
30.Kf2 Re4 31.Re1 Rxe1 32.Kxe1 Bg7 33.c3 e5 34.fxe5 Bxe5 35.Kf2 Ke6 36.Kf3 Kd6
37.Nc2 Kc5 38.Ne3 Kb5 39.h4 Bg7 40.h5 Bh6 41.hxg6 hxg6 42.a4+ Kxa4 43.Nxc4 Kb3
44.Na5+ Ka4 45.Nb7 Kb3 46.Na5+ Ka4 47.Nc4 Kb3 48.Ne5 Kxb2 49.c4 Bf8 50.Nd7 Be7
51.c5 Kc3 52.c6 Bd6 53.Nc5 g5 54.Ne6 g4+ 55.Kf2 Kd3 56.c7 Bxc7 57.Nxc7 Ke4
58.Ne6 Ke5 59.Nf4 Ke4 60.Ke2 Kd4 61.Nd3 Ke4 62.Nf2+ Kd4 63.Kd2 f4 64.gxf4 g3
65.Nh3 Ke4 66.Ke2 g2 67.Kf2  1-0

[Event "36th Olympiad"]
[Site "Calvia ESP"]
[Date "2004.10.28"]
[Round "13"]
[White "Manik,M"]
[Black "Parligras,M"]
[Result "1/2-1/2"]
[WhiteElo "2510"]
[BlackElo "2559"]

1.e4 c5 2.Nf3 Nc6 3.Nc3 Nf6 4.Bb5 Qc7 5.O-O Nd4 6.Re1 a6 7.Bf1 e5 8.Bc4 d6
9.h3 Be6 10.d3 b5 11.Nxd4 cxd4 12.Bxe6 fxe6 13.Ne2 Be7 14.c3 dxc3 15.Nxc3 O-O
16.Qb3 Kf7 17.Bg5 Rab8 18.Rac1 Qd7 19.Ne2 Rbc8 20.d4 Rxc1 21.Rxc1 exd4 22.Nxd4 Rc8
23.Rd1 Nxe4 24.Bxe7 Qxe7 25.Re1 d5 26.f3  1/2-1/2

[Event "36th Olympiad"]
[Site "Calvia ESP"]
[Date "2004.10.29"]
[Round "14"]
[White "Faulks,N"]
[Black "Kumar,M"]
[Result "0-1"]
[WhiteElo "2056"]
[BlackElo "2036"]

1.e4 c5 2.Nf3 Nc6 3.Nc3 g6 4.d4 cxd4 5.Nxd4 Bg7 6.Be3 Nf6 7.Nxc6 bxc6 8.e5 Ng8
9.f4 Nh6 10.Bc4 Nf5 11.Bc5 h5 12.Qe2 Qa5 13.b4 Qa3 14.Qf3 Nh4 15.Qg3 Nxg2+
16.Kf2 h4 17.Qf3 h3 18.Rhg1 Rh4 19.Rxg2 hxg2 20.Kxg2 Qb2 21.Re1 Qxc2+ 22.Re2 Qc1
23.Kg3 Rh5 24.b5 Bb7 25.Bb3 Bh6 26.Ne4 Bxf4+ 27.Qxf4 Rh3+ 28.Kxh3 Qxf4 29.b6 Qf3+
30.Ng3 axb6 31.Bxb6 Qf4 32.Rf2 Qh6+ 33.Kg2 e6 34.Kg1 Ra6 35.Bc7 Qe3 36.Bd6 c5
37.Kf1 Qc1+ 38.Ke2 c4  0-1

[Event "36th Olympiad"]
[Site "Calvia ESP"]
[Date "2004.10.29"]
[Round "14"]
[White "Guseinov,G"]
[Black "Halkias,S"]
[Result "1-0"]
[WhiteElo "2552"]
[BlackElo "2526"]

1.e4 c5 2.Nf3 Nc6 3.Nc3 Nf6 4.Bb5 Qc7 5.Bxc6 dxc6 6.d3 Bg4 7.h3 Bxf3 8.Qxf3 g6
9.Be3 Nd7 10.Qe2 e5 11.Qd2 Bg7 12.Bh6 O-O 13.h4 Bxh6 14.Qxh6 f6 15.O-O-O Rf7
16.Qe3 Qd6 17.Ne2 Nf8 18.f4 exf4 19.Nxf4 Re8 20.h5 g5 21.Ne2 h6 22.Ng3 f5
23.Qf2 fxe4 24.Nf5 Qf6 25.Rhf1 Kh7 26.Qg1 exd3 27.Rxd3 g4 28.Ne3 Qe6 29.Nxg4 Ree7
30.Rdf3 Rxf3 31.gxf3 Qf5 32.Qh2 Ne6 33.Re1 Rf7 34.Ne5 Rg7 35.Ng6 Nd4 36.Re8 Rf7
37.f4 Qg4 38.c3 Nf5 39.Qd2 Qxh5 40.Nf8+ Kg7 41.Qg2+ Kh8  1-0

[Event "36th Olympiad w"]
[Site "Calvia ESP"]
[Date "2004.10.29"]
[Round "14"]
[White "Bashkite,V"]
[Black "Paridar,S"]
[Result "0-1"]
[WhiteElo "2206"]
[BlackElo "2242"]

1.e4 c5 2.Nf3 Nc6 3.Nc3 e6 4.Bb5 Nd4 5.O-O Nxb5 6.Nxb5 a6 7.Nc3 b5 8.d4 cxd4
9.Qxd4 Qc7 10.Re1 Bb7 11.Bg5 f6 12.Be3 b4 13.Na4 Qxc2 14.Nb6 Rd8 15.Nc4 Qxe4
16.Nd6+ Bxd6 17.Qxd6 Qd5 18.Qxb4 Ne7 19.Rac1 Qb5 20.Qxb5 axb5 21.Nd4 Bc6
22.Nxc6 Nxc6 23.Rc5 Rb8 24.Rd1 Ke7 25.Bf4 e5 26.Be3 Rhd8 27.Rcd5 Rb7 28.Bc5+ Ke8
29.b4 Ra8 30.R1d2 Nd8 31.f4 exf4 32.Re2+ Ne6 33.Rh5 h6 34.Bd6 Kf7 35.Rd5 Rc8
36.Kf2 Rc4 37.h4 g5 38.h5 g4 39.g3 f3 40.Red2 Ng5 41.Ke3 Rc3+ 42.R2d3 Rc2
43.Rd2 Rxd2 44.Rxd2 Ke6 45.Bc5 d5 46.Rd3 Ne4 47.Kf4 Rc7 48.Re3 f2 49.Rxe4+ dxe4
50.Bxf2 f5 51.Bc5 Rxc5  0-1

[Event "WYb18"]
[Site "Heraklio GRE"]
[Date "2004.11.04"]
[Round "1"]
[White "Pashikian,A"]
[Black "Nikhilesh,K"]
[Result "1-0"]
[WhiteElo "2473"]
[BlackElo "2240"]

1.e4 c5 2.Nc3 Nc6 3.Bb5 Nd4 4.Bc4 g6 5.Nf3 Bg7 6.Nxd4 cxd4 7.Qf3 Nh6 8.Ne2 O-O
9.d3 Ng4 10.Bb3 d6 11.Qg3 Qb6 12.h3 Nf6 13.h4 Be6 14.Bxe6 fxe6 15.Qh3 Rac8
16.Qxe6+ Kh8 17.c3 dxc3 18.bxc3 Rxc3 19.Nxc3 Ng4 20.Bd2 Qxf2+ 21.Kd1 Ne3+
22.Kc1 Nf1 23.Rxf1 Qxf1+ 24.Kb2 Qxg2 25.Kc2 h5 26.Rd1 Bf6 27.Nd5 Bxh4 28.Kb3  1-0

[Event "Extraliga CZE 2004-5"]
[Site "Czech Rep CZE"]
[Date "2004.11.06"]
[Round "1"]
[White "Rasik,V"]
[Black "Hracek,Z"]
[Result "1-0"]
[WhiteElo "2469"]
[BlackElo "2595"]

1.e4 c5 2.Nf3 Nc6 3.Nc3 d6 4.d4 cxd4 5.Nxd4 Nf6 6.Be3 a6 7.f3 e6 8.Qd2 Be7
9.O-O-O O-O 10.g4 Nxd4 11.Bxd4 b5 12.g5 Nd7 13.h4 Bb7 14.Bh3 b4 15.Ne2 Ne5
16.f4 Nf3 17.Qd3 Nxd4 18.Nxd4 e5 19.Nf5 Re8 20.fxe5 Bf8 21.Nxd6 Bxd6 22.Qxd6 Qa5
23.e6 Qxa2 24.Qxb4 Bc6 25.e7 g6 26.Rhe1 Rab8 27.Qc3 Rxe7 28.Qxc6 Qxb2+ 29.Kd2 Qe5
30.Qf6 Qc5 31.Re3 Rd8+ 32.Rd3 Rde8 33.Bd7 Rd8 34.Bh3 Rde8 35.Bd7 Rd8 36.Bc6 Rc8
37.Kc1 Ree8 38.Rc3  1-0

[Event "Extraliga CZE 2004-5"]
[Site "Czech Rep CZE"]
[Date "2004.11.06"]
[Round "1"]
[White "Kanovsky,D"]
[Black "Stehno,P"]
[Result "0-1"]
[WhiteElo "2392"]
[BlackElo "2326"]

1.e4 c5 2.Nf3 Nc6 3.Nc3 Nf6 4.Bb5 Qc7 5.O-O Nd4 6.Bc4 e6 7.h3 a6 8.Re1 d6
9.a4 b6 10.d3 Be7 11.Bf4 Bb7 12.Ba2 O-O 13.Nxd4 cxd4 14.Ne2 Rac8 15.Bb3 Rfe8
16.Bg3 Qc5 17.f3 Qg5 18.Bf2 e5 19.Qc1 Qg6 20.Ng3 Nd7 21.Nf5 Nc5 22.Nxe7+ Rxe7
23.Qd2 Nxb3 24.cxb3 Rce8 25.Rac1 h6 26.Rc2 d5 27.Rec1 dxe4 28.fxe4 f5 29.Bh4 Rf7
30.exf5 Rxf5 31.Rc7 Bd5 32.Rd7 Bxb3 33.Qb4 Bf7 34.Rcc7 Rf4 35.Be7 Qxd3 36.Bd6 Rf1+
37.Kh2 Rf2  0-1

[Event "WYg14"]
[Site "Heraklio GRE"]
[Date "2004.11.06"]
[Round "3"]
[White "Fuchs,J"]
[Black "Guramishvili,S"]
[Result "1/2-1/2"]
[WhiteElo "1961"]
[BlackElo "2132"]

1.e4 c5 2.Nc3 Nc6 3.Bb5 g6 4.Bxc6 dxc6 5.d3 Bg7 6.Nge2 Nf6 7.O-O O-O 8.f4 Qb6
9.Kh1 Rd8 10.Qe1 c4 11.dxc4 Qa6 12.Rb1 Qxc4 13.b3 Qa6 14.Bb2 b5 15.Ng3 Nd7
16.Qf2 Qb6 17.Nd1 Bxb2 18.Nxb2 Nf6 19.Nd3 Ng4 20.Qe2 b4 21.f5 Nf6 22.Rbd1 c5
23.Qe3 Ng4 24.Qg5 c4 25.Qxg4 cxd3 26.cxd3 Qa6 27.Qf3 f6 28.Rd2 Bd7 29.Ne2 g5
30.Rfd1 Rac8 31.Rc1 Bb5 32.h3 Rxc1+ 33.Nxc1 Qb6 34.Ne2 Qa6 35.Nc1 Qb6 36.Ne2 Qa6  1/2-1/2

[Event "WYb14"]
[Site "Heraklio GRE"]
[Date "2004.11.06"]
[Round "3"]
[White "Lubbe,N"]
[Black "Khairullin,I"]
[Result "0-1"]
[WhiteElo "2219"]
[BlackElo "2514"]

1.e4 c5 2.Nf3 Nc6 3.Nc3 Nf6 4.Bb5 Qc7 5.O-O Nd4 6.Re1 a6 7.e5 Nxb5 8.exf6 Nxc3
9.fxg7 Bxg7 10.dxc3 d6 11.Ng5 h6 12.Ne4 Be6 13.Bf4 O-O-O 14.Qh5 Qc6 15.Ng3 Qa4
16.Re4 Qxc2 17.b4 cxb4 18.Rc1 Qxa2 19.Rxb4 Qd5 20.Qe2 Qc6 21.Rcb1 Rd7 22.Rb6 Qc4
23.Qf3 Bd5 24.Qg4 Be5 25.R6b4 Qc7 26.c4 Bc6 27.Be3 Qa5 28.Nf5 e6 29.Nd4 Bxd4
30.Qxd4 Rg8 31.g3 Qc5 32.Qb2 Qf5 33.Rb6 Qe4 34.Kf1 Qxc4+ 35.Ke1 Rc7 36.Rc1 Qd5
37.Qf6 Qa5+ 38.Kf1 Bb5+ 39.Kg2 Rxc1 40.Qxf7 Bf1+ 41.Kg1  0-1

[Event "WYb14"]
[Site "Heraklio GRE"]
[Date "2004.11.06"]
[Round "3"]
[White "Skovgaard,P2"]
[Black "Sai,Sr"]
[Result "1/2-1/2"]
[WhiteElo "2137"]
[BlackElo "2237"]

1.e4 c5 2.Nc3 Nc6 3.Nge2 d6 4.g3 g6 5.Bg2 Bg7 6.d3 e6 7.Be3 Nd4 8.Qd2 Qa5
9.O-O Ne7 10.Nxd4 cxd4 11.Ne2 Qc5 12.Bh6 O-O 13.Bxg7 Kxg7 14.c3 dxc3 15.Nxc3 Bd7
16.Rac1 Qb6 17.d4 Rac8 18.e5 d5 19.Rfd1 Rc7 20.h4 Rfc8 21.Kh2 Rc4 22.h5 Nf5
23.Ne2 Rxc1 24.Rxc1 Rxc1 25.Qxc1 Bb5 26.g4 Ne7 27.h6+ Kf8 28.Nc3 Bc6 29.Qd2 Ng8
30.b3 Qd8 31.g5 Qb6 32.Nd1 Ke7 33.Ne3 Kf8 34.Ng4 a5 35.Qf4 Qd8 36.Bf1 Qe7
37.Bd3 Ke8 38.Nf6+ Nxf6 39.exf6 Qd8 40.a3 Kf8 41.b4 axb4 42.axb4 b6 43.Qe5 Kg8
44.Kg2 Kf8 45.f4 Kg8 46.Qe3 Qd6 47.b5 Bb7 48.Kg3 Kf8 49.Qd2 Ke8 50.Qc3 Kd7
51.Bc2 Kd8 52.Qb3 Kd7 53.Kf3 Kd8 54.Qc3 Kd7 55.Bd3 Kd8  1/2-1/2

[Event "WYg14"]
[Site "Heraklio GRE"]
[Date "2004.11.06"]
[Round "4"]
[White "Girya,O"]
[Black "Muzychuk,A"]
[Result "1/2-1/2"]
[WhiteElo "2024"]
[BlackElo "2383"]

1.e4 c5 2.Nc3 Nc6 3.Bb5 Qc7 4.d3 e6 5.f4 a6 6.Bxc6 Qxc6 7.Nf3 d6 8.O-O Nf6
9.Qe1 Be7 10.Qg3 O-O 11.Kh1 b5 12.Bd2 Rb8 13.Rae1 b4 14.Nd1 Qc7 15.e5 Ne8
16.Ne3 f6 17.exd6 Nxd6 18.Re2 Nf5 19.Nxf5 exf5 20.Rfe1 Bd6 21.Be3 Bd7 22.Nd2 Bb5
23.Qf3 Qf7 24.b3 Rfe8 25.h3 Rbd8 26.Nc4 Bxc4 27.bxc4 Bf8 28.Bg1 Rxe2 29.Rxe2 Qd7
30.Qe3 a5 31.Qf3 a4 32.Qe3 Kf7 33.Qf3 g6 34.Re1 Rb8 35.Rb1 Qb7 36.Qd1 Qc7
37.Qf3 Qb7 38.Qd1 Qc7 39.Qf3  1/2-1/2

[Event "WYg14"]
[Site "Heraklio GRE"]
[Date "2004.11.06"]
[Round "4"]
[White "Fuchs,J"]
[Black "Vazirova,K"]
[Result "0-1"]
[WhiteElo "1961"]
[BlackElo "2112"]

1.e4 c5 2.Nc3 Nc6 3.Bb5 Nd4 4.Bc4 e6 5.Nge2 Ne7 6.O-O Nec6 7.Nxd4 cxd4 8.Ne2 g6
9.d3 Bg7 10.Bf4 e5 11.Bd2 O-O 12.f4 d6 13.f5 gxf5 14.exf5 d5 15.Bb3 e4 16.Ng3 e3
17.Nh5 Qg5 18.Nxg7 Kxg7 19.Be1 Bxf5 20.Bxd5 Ne5 21.Bg3 f6 22.Qe1 Rac8 23.Rc1 Bxd3
24.Bf4 Qg6 25.Qb4 Bxf1 26.Qxb7+ Kh8 27.Kxf1 Rxc2  0-1

[Event "TCh-BEL 2004-5"]
[Site "Belgium BEL"]
[Date "2004.11.07"]
[Round "3"]
[White "Akhayan,R"]
[Black "Goormachtigh,J"]
[Result "1/2-1/2"]
[WhiteElo "2205"]
[BlackElo "2279"]

1.e4 c5 2.Nf3 Nc6 3.Nc3 g6 4.Bc4 Bg7 5.O-O Nf6 6.e5 Nh5 7.Qe2 O-O 8.d3 d6
9.e6 fxe6 10.Bxe6+ Kh8 11.Bxc8 Qxc8 12.Ng5 Nd4 13.Qxe7 Qf5 14.Bd2 Nf4 15.Bxf4 Qxf4
16.Nd5 Qf5 17.Ne3 Qf4 18.Nd5 Qf5  1/2-1/2

[Event "Extraliga CZE 2004-5"]
[Site "Czech Rep CZE"]
[Date "2004.11.07"]
[Round "2"]
[White "Kulhanek,T"]
[Black "Jirovsky,M"]
[Result "1/2-1/2"]
[WhiteElo "2370"]
[BlackElo "2499"]

1.e4 c5 2.Nc3 Nc6 3.Nf3 g6 4.d4 cxd4 5.Nxd4 Bg7 6.Be3 Nf6 7.Bc4 O-O 8.Bb3 d6
9.f3 Bd7 10.Qd2 Nxd4 11.Bxd4 b5 12.h4 a5 13.a4 bxa4 14.Nxa4 Rb8 15.h5 e5
16.h6 Bxh6 17.Be3 Bxe3 18.Qxe3 Rb4 19.Nc3 Be6 20.Qh6 Re8 21.g4 Qc7 22.Rd1 a4
23.Bxa4 Rxb2 24.Qd2 Rd8 25.Ne2 Ra8 26.Qc3 Qxc3+ 27.Nxc3 Rc8 28.Kd2 Rb4 29.Bb5 Rxc3
30.Kxc3 Rxb5 31.Rxd6 h5 32.gxh5 Nxh5 33.Kd2 Kg7 34.Ra1 Kh6 35.Raa6 Kg5 36.Ke3 Rb1
37.Rab6 Re1+ 38.Kd2 Rh1 39.Rxe6 fxe6 40.Rxe6 Kf4 41.c4 Ra1 42.Rxg6 Ra2+ 43.Kc3 Ra3+
44.Kb4 Rxf3 45.c5 Kxe4 46.c6 Nf4 47.Rg4 Kd4 48.Kb5 Rb3+ 49.Ka6 Rc3 50.Kb7 Kd5
51.c7 Ne6 52.c8=Q Rxc8 53.Kxc8 e4 54.Rxe4 Kxe4  1/2-1/2

[Event "WYg14"]
[Site "Heraklio GRE"]
[Date "2004.11.07"]
[Round "5"]
[White "Girya,O"]
[Black "Charochkina,D"]
[Result "1-0"]
[WhiteElo "2024"]
[BlackElo "2160"]

1.e4 c5 2.Nc3 Nc6 3.Bb5 Nd4 4.Bc4 g6 5.Nf3 Bg7 6.O-O e6 7.d3 Ne7 8.Nxd4 cxd4
9.Ne2 O-O 10.Bg5 h6 11.Bxe7 Qxe7 12.f4 d5 13.exd5 exd5 14.Bxd5 Qc5 15.Bf3 Bd7
16.Kh1 Rac8 17.Rc1 b6 18.Qd2 Rfe8 19.Ng3 f5 20.h3 Kh7 21.Ne2 Re3 22.c3 dxc3
23.bxc3 Rce8 24.c4 Bd4 25.Rb1 a6 26.Nc1 Qd6 27.Nb3 Bc8 28.Nxd4 Qxd4 29.Rbe1 Rxd3
30.Qb4 Rde3 31.Rd1 Rd3 32.Rxd3 Qxd3 33.Rd1 Qe3 34.Qd6 Qe6 35.Qd4 Re7 36.Rb1 b5
37.cxb5 axb5 38.Rxb5 Qxa2 39.Qd8 Qe6 40.Re5 Rd7 41.Qf8 Qc4 42.Re7+ Rxe7 43.Qxe7+ Kh8
44.Qe5+ Kh7 45.Bd5 Qc1+ 46.Kh2  1-0

[Event "WYg14"]
[Site "Heraklio GRE"]
[Date "2004.11.07"]
[Round "5"]
[White "Muzychuk,A"]
[Black "Gevorgyan,I"]
[Result "1-0"]
[WhiteElo "2383"]
[BlackElo "2015"]

1.e4 c5 2.Nc3 Nc6 3.Bb5 Nd4 4.Nf3 Nxb5 5.Nxb5 a6 6.Nc3 d6 7.d4 cxd4 8.Qxd4 e6
9.Bg5 Nf6 10.O-O-O Be7 11.Rhe1 Bd7 12.e5 dxe5 13.Nxe5 Bc6 14.Qc4 Qc8 15.f3 O-O
16.Ng4 Nd5 17.Bxe7 Nxe7 18.Ne5 Qc7 19.Rd7 Qa5 20.Rxe7 Rac8 21.Rxf7  1-0

[Event "EuCh-Internet KO"]
[Site "playchess.com INT"]
[Date "2004.11.07"]
[Round "1.2"]
[White "Turov,M"]
[Black "Bryzgalin,K"]
[Result "0-1"]
[WhiteElo "2543"]
[BlackElo "2448"]

1.e4 c5 2.Nc3 Nc6 3.Bb5 Nd4 4.Bc4 e6 5.Nf3 g6 6.Nxd4 cxd4 7.Ne2 Bg7 8.c3 Qc7
9.Bd3 dxc3 10.dxc3 Ne7 11.O-O O-O 12.Bf4 e5 13.Bg5 f6 14.Qb3+ Kh8 15.Be3 d6
16.c4 f5 17.f3 Be6 18.Nc3 Nc6 19.Nd5 Qf7 20.f4 Rae8 21.fxe5 dxe5 22.Bc5 Rg8
23.exf5 gxf5 24.Bxf5 Bxf5 25.Ne3 Qg6 26.Rxf5 Nd4 27.Qd3 Bh6  0-1

[Event "Open"]
[Site "Calcutta IND"]
[Date "2004.11.08"]
[Round "1"]
[White "Shetty,R"]
[Black "Ni Hua"]
[Result "1/2-1/2"]
[WhiteElo "2369"]
[BlackElo "2611"]

1.e4 c5 2.Nf3 Nc6 3.Nc3 Nf6 4.Bb5 Qc7 5.O-O Nd4 6.Re1 a6 7.Bc4 d6 8.h3 e6
9.a3 Be7 10.d3 O-O 11.Nxd4 cxd4 12.Ne2 Nxe4 13.Nxd4 Nf6 14.Bb3 Bd7 15.c3 Rae8
16.Bg5 Qc5 17.Be3 Qh5 18.Qxh5 Nxh5 19.Bd1 Nf6 20.Bf3 Rb8 21.Bd2 Rfe8 22.a4 e5
23.Nc2 Bc6 24.Be2 a5 25.d4 Rbc8 26.Bf1 Ne4 27.Be3 f5 28.f3 Nf6 29.Bf2 e4
30.fxe4 Nxe4 31.Ne3 f4 32.Nf5 Bf8 33.Bb5 g6 34.Nh4 d5 35.Nf3 Bg7 36.Bd3 Bf6
37.Bc2 g5 38.Rad1 h5 39.Nd2 g4 40.Nxe4 dxe4 41.d5 e3 42.Bxe3 fxe3 43.dxc6 Rxc6
44.Bd3 Bh4 45.Bb5 gxh3 46.Bxc6 bxc6 47.Re2 Bf2+ 48.Kh2 hxg2 49.Kxg2 Kf7 50.Rd6 Rg8+
51.Kf3 Rg3+ 52.Ke4 Rg4+ 53.Kf5 Rxa4 54.Rxc6 h4 55.Rc7+ Kg8 56.Rc8+ Kg7 57.Rc7+ Kg8
58.Rc8+ Kg7 59.Rc7+ Kg8  1/2-1/2

[Event "WYb18"]
[Site "Heraklio GRE"]
[Date "2004.11.08"]
[Round "6"]
[White "Friedel,J"]
[Black "Obregon,A"]
[Result "1-0"]
[WhiteElo "2436"]
[BlackElo "2297"]

1.e4 c5 2.Nf3 Nc6 3.Nc3 e5 4.Bc4 d6 5.d3 Be7 6.O-O Nf6 7.Ng5 O-O 8.f4 exf4
9.Bxf4 Nd4 10.Kh1 h6 11.Nf3 Be6 12.Be3 d5 13.exd5 Bxd5 14.Nxd5 Nxd5 15.Bxh6 gxh6
16.Nxd4 Ne3 17.Qh5 cxd4 18.Qg6+ Kh8 19.Qxh6+ Kg8 20.Qg6+ Kh8 21.Bxf7 Qd6
22.Be6 Bg5 23.Qh5+ Kg7 24.Qxg5+ Kh7 25.Qh5+ Kg7 26.Rf7+ Rxf7 27.Qxf7+ Kh8
28.Qf6+ Kh7 29.Bg8+ Rxg8 30.Qxd6 Rxg2 31.Qxd4  1-0

[Event "WYb14"]
[Site "Heraklio GRE"]
[Date "2004.11.10"]
[Round "7"]
[White "Simonian,H"]
[Black "Klimov,A"]
[Result "1-0"]
[WhiteElo "2192"]
[BlackElo "2273"]

1.e4 c5 2.Nc3 Nc6 3.Bb5 Nd4 4.Bc4 g6 5.Nf3 Bg7 6.Nxd4 cxd4 7.Qf3 Nh6 8.Ne2 O-O
9.d3 Ng4 10.Bb3 d6 11.O-O a5 12.a4 Ne5 13.Qg3 Nd7 14.Qh4 Nc5 15.Bg5 Re8 16.Bc4 Be6
17.Bb5 Bd7 18.f4 Bxb5 19.axb5 f6 20.Bh6 e5 21.Rf3 Bxh6 22.Qxh6 Qe7 23.Raf1 Rf8
24.c3 Nb3 25.fxe5 fxe5 26.cxd4 Rxf3 27.Rxf3 Nxd4 28.Nxd4 exd4 29.Qc1 d5 30.exd5 Rf8
31.Rxf8+ Kxf8 32.Qf4+ Kg8 33.Kf2 Qb4 34.Qb8+ Kg7 35.Qe5+ Kh6 36.Kf3 Qxb5
37.Qxd4 Qd7 38.d6 g5 39.Qf6+ Kh5 40.h3 g4+ 41.Kf4  1-0

[Event "WYg14"]
[Site "Heraklio GRE"]
[Date "2004.11.10"]
[Round "7"]
[White "Girya,O"]
[Black "Lakshmi,Pra"]
[Result "1-0"]
[WhiteElo "2024"]
[BlackElo "2042"]

1.e4 c5 2.Nc3 Nc6 3.Bb5 Nd4 4.Bc4 g6 5.Nf3 Bg7 6.Nxd4 cxd4 7.Qf3 Nh6 8.Ne2 O-O
9.d3 Ng4 10.Bb3 d6 11.O-O a5 12.a4 Ne5 13.Qg3 Nd7 14.f4 Nc5 15.Bc4 e6 16.f5 d5
17.f6 Bxf6 18.exd5 exd5 19.Bxd5 Bg7 20.Bc4 Be6 21.Bg5 Qb6 22.Bb5 Bd7 23.Nf4 Qd6
24.Rae1 f6 25.Bc4+ Rf7 26.Bxf7+ Kxf7 27.Nh5 Qxg3 28.Nxg3 Ne6 29.Bd2 Bxa4
30.b3 Bc6 31.Ne4 f5 32.Nd6+ Ke7 33.Nc4 a4 34.Bb4+ Kf6 35.bxa4 Bxa4 36.Nb6 Ra6
37.Nxa4 Rxa4 38.Bd6 Ra6 39.Be5+ Kf7 40.Bxg7 Kxg7 41.Rb1 Nc5 42.Rb5 Rc6 43.Rfb1 Kf6
44.R1b4 Ne6 45.Rb2 Nc5 46.Rb6 Ke5 47.Rxc6 bxc6 48.Kf2 g5 49.Rb8 h5 50.Re8+ Ne6
51.Rh8 h4 52.Rc8 Kd5 53.Kf3 c5 54.h3 Ke5 55.Ra8 Kd5 56.Ra6 Ke5 57.Ra1 Kd6
58.Re1 Kd5 59.g3 hxg3 60.Kxg3 Kd6 61.h4 gxh4+ 62.Kxh4 Nc7 63.Kg5 Nd5 64.Kxf5 Ne3+
65.Ke4 Nxc2 66.Rh1 Kc6 67.Rh8 Ne3 68.Ke5 Kb5 69.Rb8+ Ka4 70.Rb7 Ka3 71.Rb5 Nc2
72.Rxc5 Kb3 73.Rxc2 Kxc2 74.Kxd4  1-0

[Event "WYb14"]
[Site "Heraklio GRE"]
[Date "2004.11.10"]
[Round "7"]
[White "Salgado Lopez,I"]
[Black "Khairullin,I"]
[Result "0-1"]
[WhiteElo "2264"]
[BlackElo "2514"]

1.e4 c5 2.Nc3 Nc6 3.Nf3 Nf6 4.d4 cxd4 5.Nxd4 e5 6.Ndb5 d6 7.Nd5 Nxd5 8.exd5 Nb8
9.c4 a6 10.Nc3 Be7 11.Bd3 O-O 12.O-O f5 13.f3 Nd7 14.Kh1 Bg5 15.b4 a5 16.a3 axb4
17.Bxg5 Qxg5 18.axb4 Rxa1 19.Qxa1 Qe3 20.Be2 Nb8 21.Qc1 Qb6 22.Nb5 Na6 23.Nxd6 Qxd6
24.c5 Qd8 25.Qc3 Qh4 26.f4 exf4 27.b5 Qe7 28.Bc4 Qxc5 29.bxa6 b5 30.a7 Bd7
31.Ra1 Ra8 32.Qe5 bxc4 33.Qb8+ Qc8 34.Rb1 c3 35.Qxa8 Qxa8 36.Rb8+ Kf7 37.Rxa8 c2
38.Rf8+ Ke7 39.d6+ Kxd6 40.h3 c1=Q+ 41.Kh2 Bc6 42.a8=Q Bxa8 43.Rxa8 g5  0-1

[Event "WYb14"]
[Site "Heraklio GRE"]
[Date "2004.11.12"]
[Round "10"]
[White "Bindrich,F"]
[Black "Qiu Tong"]
[Result "0-1"]
[WhiteElo "2351"]
[BlackElo "2194"]

1.e4 c5 2.Nf3 Nc6 3.Nc3 Nf6 4.Bb5 e5 5.d3 d6 6.Nd2 Be6 7.Nf1 a6 8.Bc4 d5
9.exd5 Nxd5 10.Nxd5 Bxd5 11.Ne3 Bxc4 12.dxc4 Qxd1+ 13.Nxd1 Bd6 14.Ne3 O-O
15.O-O f5 16.Rd1 Rad8 17.Nd5 h6 18.f3 e4 19.f4 Kf7 20.Be3 Ke6 21.Rd2 g5 22.Rad1 Rg8
23.Kf2 b5 24.g3 Nd4 25.cxb5 axb5 26.Nc3 Nf3 27.Rd5 Nd4 28.b4 gxf4 29.gxf4 cxb4
30.R1xd4 bxc3 31.Rxb5 Bxf4 32.Rb6+ Rd6 33.Rdxd6+ Bxd6 34.Bxh6 Kd7 35.Rb7+ Ke8
36.Rh7 f4 37.Bg7 Bc5+ 38.Kf1 f3 39.Rh8 Rxh8 40.Bxh8 Kf7 41.Bxc3 Ke6 42.a3 Kf5
43.Bb4 Ba7 44.c4 e3 45.c5 Bb8 46.c6 Bxh2 47.Be1 Kg4 48.Bf2 exf2 49.Kxf2 Bc7
50.Kg1 Kg3 51.Kf1 Bb6 52.a4 f2  0-1

[Event "WYb16"]
[Site "Heraklio GRE"]
[Date "2004.11.12"]
[Round "10"]
[White "Sengupta,D"]
[Black "Lenic,L"]
[Result "0-1"]
[WhiteElo "2359"]
[BlackElo "2434"]

1.e4 c5 2.Nf3 Nc6 3.Nc3 g6 4.d4 cxd4 5.Nxd4 Bg7 6.Be3 Nf6 7.Bc4 Qa5 8.O-O O-O
9.Bb3 d6 10.f3 Bd7 11.Qd2 Rac8 12.Rad1 Ne5 13.Nd5 Qd8 14.Rfe1 Nxd5 15.exd5 Re8
16.Bh6 Bh8 17.c3 Qb6 18.Be3 Qc7 19.Bg5 a5 20.f4 Nc4 21.Bxc4 Qxc4 22.Rxe7 Rxe7
23.Bxe7 Re8 24.Bxd6 Qxd5 25.Nb3 Qe4 26.Nc5 Qc6 27.Nxd7 Qxd7 28.Bc5 Qc6 29.Bf2 Bf6
30.h3 Qc4 31.Qd5 Qxf4 32.Rf1 Qc7 33.a4 Re5 34.Qd3 Qc6 35.Bg3 Re6 36.Qb5 Qxb5
37.axb5 Be7 38.Ra1 Bc5+ 39.Kf1 b6 40.Rd1 Re4 41.Bc7 Kg7 42.Rd8 Ra4 43.Be5+ Kh6
44.Rd7 f6 45.Bc7 Ra1+ 46.Ke2 Rg1 47.Kf3 Rf1+ 48.Kg3 f5 49.Rd2 g5 50.Re2 Kh5
51.Kh2 f4 52.b4 Bg1+  0-1

[Event "WYg18"]
[Site "Heraklio GRE"]
[Date "2004.11.12"]
[Round "10"]
[White "Kadziolka,B"]
[Black "Machalova,V"]
[Result "1/2-1/2"]
[WhiteElo "2301"]
[BlackElo "2168"]

1.e4 c5 2.Nc3 Nc6 3.Bb5 d6 4.Bxc6+ bxc6 5.d3 g6 6.f4 Bg7 7.Nf3 Nf6 8.O-O O-O
9.Qe1 Nd7 10.f5 Ne5 11.Nxe5 Bxe5 12.Bh6 Bg7 13.Qh4 f6 14.Be3 e6 15.fxe6 Bxe6
16.Qg3 Rf7 17.Rad1 f5 18.exf5 Bxf5 19.Ne4 Rd7 20.Bg5 Qf8 21.Rde1 d5 22.Nc3 c4
23.dxc4 Qc5+ 24.Kh1 Qxc4 25.Rf4 Qc5 26.Qh4 Qd6 27.Re2 Rb7 28.g4 Be6 29.Rf3 Rf8
30.Rfe3 Bc8 31.Re7 Rxe7 32.Rxe7 Qc5 33.Rxg7+ Kxg7 34.Bh6+ Kg8 35.Bxf8 Qxf8
36.Kg2 Be6 37.h3 d4 38.Ne2 Bd5+ 39.Kg1 Qf3 40.Qd8+ Kg7 41.Qe7+ Kg8 42.Qe8+  1/2-1/2

[Event "WYg14"]
[Site "Heraklio GRE"]
[Date "2004.11.13"]
[Round "11"]
[White "Girya,O"]
[Black "Darbinian,N"]
[Result "1/2-1/2"]
[WhiteElo "2024"]
[BlackElo "2015"]

1.e4 c5 2.Nc3 Nc6 3.Bb5 Nd4 4.Bc4 g6 5.Nf3 Bg7 6.Nxd4 cxd4 7.Qf3 Nf6 8.e5 dxc3
9.dxc3 O-O 10.exf6 Bxf6 11.Bh6 Bg7 12.Bxg7 Kxg7 13.O-O-O Qc7 14.Bd3 d6 15.Kb1 Be6
16.h4 h5 17.Qe3 Qa5 18.a3 Qd5 19.c4 Qc5 20.Qd2 Rac8 21.Rhe1 Rc7 22.Qc3+ Kh7
23.f3 b5 24.g4 Bxc4 25.gxh5 Bxd3 26.Qxd3 Qxh5 27.Qb3 a6 28.Re4 Qc5 29.Rd5 Qg1+
30.Ka2 f5 31.Re2 Qg3 32.Rdd2 Qf4 33.Kb1 Rf6 34.Qd3 Qc4 35.Qe3 f4 36.Qf2 Re6
37.Qh2 Rxe2 38.Rxe2 Qd5 39.Qh1 Qh5 40.Re4 e5 41.Qd1 Rd7 42.Re1 Kg7 43.Rh1 d5
44.Qd3 Qf5 45.Qc3 d4 46.Qc6 d3 47.cxd3 Qxd3+ 48.Ka1 Qd5 49.Qc3  1/2-1/2

[Event "16th Open"]
[Site "Leuven BEL"]
[Date "2004.11.13"]
[Round "5"]
[White "Verboven,P"]
[Black "Vanderwaeren,S"]
[Result "0-1"]
[WhiteElo "2036"]
[BlackElo "2253"]

1.e4 c5 2.Nc3 Nc6 3.Nge2 Nf6 4.g3 d5 5.exd5 Nxd5 6.Bg2 Nc7 7.d3 g6 8.Be3 Nd4
9.O-O Bg7 10.Qd2 O-O 11.Rae1 Rb8 12.Ne4 b6 13.Nxd4 cxd4 14.Bh6 Bb7 15.Bxg7 Kxg7
16.f4 Nd5 17.c4 Ne3 18.Rxe3 dxe3 19.Qxe3 Bxe4 20.Qxe4 Qd6 21.d4 e6 22.a3 Rbc8
23.d5 exd5 24.Qxd5 Rfd8 25.Qxd6 Rxd6 26.Bd5 b5 27.b3 bxc4 28.bxc4 Rb6 29.Re1 Kf6
30.Re2 Rb3 31.Ra2 Rcb8 32.c5 R3b5 33.Rc2 Rc8 34.Kf2 Rbxc5 35.Rxc5 Rxc5 36.Be4 Ra5  0-1

[Event "British Rapidplay"]
[Site "Halifax ENG"]
[Date "2004.11.14"]
[Round "11"]
[White "Dorrington,C"]
[Black "Williams,Si"]
[Result "0-1"]
[WhiteElo "2194"]
[BlackElo "2473"]

1.e4 c5 2.Nc3 Nc6 3.Nge2 g6 4.d4 cxd4 5.Nxd4 Bg7 6.Be3 d6 7.Qd2 Nf6 8.f3 Bd7
9.O-O-O Rc8 10.Kb1 Ne5 11.g4 O-O 12.h4 b5 13.h5 Nxf3 14.Nxf3 Bxg4 15.Be2 b4
16.Nd5 Nxe4 17.Qe1 e6 18.Nf4 Qa5 19.Nd4 Bf5 20.Nb3 Rxc2 21.Nxa5 Nd2+ 22.Qxd2 Rxb2+
23.Kc1 Rb1+  0-1

[Event "3rd Cup Russia Wom Final"]
[Site "Voronezh RUS"]
[Date "2004.11.14"]
[Round "2"]
[White "Meshcheriakova,E"]
[Black "Kochetkova,J"]
[Result "1-0"]
[WhiteElo "2233"]
[BlackElo "2311"]

1.e4 c5 2.Nf3 Nc6 3.Nc3 e5 4.Bc4 Be7 5.d3 d6 6.Nd2 Nf6 7.Nf1 Bg4 8.f3 Be6
9.Ne3 O-O 10.O-O Nd7 11.Ncd5 Bg5 12.c3 Rb8 13.a3 Bxd5 14.Nxd5 Bxc1 15.Rxc1 Nf6
16.f4 exf4 17.Rxf4 Nxd5 18.Bxd5 Ne5 19.Qd2 Qb6 20.Rcf1 Rbe8 21.Kh1 Re7 22.Rf5 Qc7
23.Qe3 Qb6 24.Qd2 Qc7 25.b4 cxb4 26.axb4 Qb6 27.d4 Ng6 28.Qg5 Qd8 29.Rxf7 Kh8
30.Rxf8+ Nxf8 31.h3 Qe8 32.Qf5 Ng6 33.h4  1-0